000 00576nam a2200157 4500
001 149140
003 ES-MaACL
007 t|
008 070214s1982 sp r ||||1| spa d
111 2 _aSymposium Internacional de Traumatología (
_cMadrid (
_d1981) (
_n. 8ª)
_9221437
245 1 0 _aTraumatismos articulares del mienbro inferior
_b: cadera, rodilla, tobillo /
_cSymposium Internacional de Traumatología Madrid 1981 VIII edición.
260 _aMadrid :
_bMapfre,
_c1982.
300 _aXIV, 761 p. ;
_c21 cm.
852 _aES-MaACL
_jL-4163
_bR.104377
999 _c149140
_d149140